00326nam a2200133Ia 45000030006000000080041000060400015000471000037000622450044000992500011001432600009001545460012001630050017001750STCL150530s9999 xx 000 0 und d aSTCLcSTCL aBaldwin Ernest; Bell David James aColes practical physiological chemistry aTenthd c1967 aEnglish20220125170427.0